Postaw na milion 206 - Statystyki

Ogólne statystyki
  • Ten quiz został rozwiązany 14 razy
  • Średni wynik to 6 z 10
Statystyki odpowiedzi
Zagadnienie Odpowiedź % Poprawnych
Historyjki, na ogół zabawne, rozpowszechnianie w internecie metodą kopiuj-wklej, określa się nazwą: pasta
93%
Ustrój polityczny Norwegii to: monarchia konstytucyjna
79%
Które zwierzęta na co dzień wykorzystują efekt Dopplera? nietoperze
79%
Kto otrzymał najwięcej nominacji do nagrody muzycznej Fryderyk 2019? Dawid Podsiadło
57%
"Przewróciło się, niech leży" to początek piosenki zespołu: Elektryczne gitary
57%
Pierwsza cyfra numeru drukowanego na skorupce jaj od kur chowu ściółkowego to: 2
43%
Wielu wybitnych artystów zmarło w młodym wieku. Który z tych twórców żył najkrócej? Wolfgang Amadeusz Mozart
43%
50 lat temu Neil Armstrong jako pierwszy człowiek w dziejach postawił stopę na powierzchni Księżyca. Którą najpierw? lewą
36%
Odaliskę najczęściej można było spotkać: w haremie
36%
Który z tych piłkarzy zdobył najwięcej bramek w 2018 roku? Leo Messi
29%
Nie znaleziono quizów pasujących do podanych kryteriów
Rozkład punktacji
Procent ludzi z każdym wynikiem
Percentyl według liczby udzielonych odpowiedzi
Twoja historia wyników
Nie rozwiązałeś tego quizu